00447 2200145 4500001002100000008004100021035002000062245007600082100002000158260004500178300002000223082001500243650003000258990001300288INLIS000000000000463 ind  a0010-0322000463 aSERI DONGENG POPULER ANAK INDONESIA ASAL MULA CANDI RORO JONGRANGcIKHA aTIRA IKRANEGARA aSURABAYAbCV PUSTAKA AGUNG HARAPANc2012 a64 hlm.c20 cm. a398.395 98 aCERITA RAKYAT - INDONESIA a102610-1